[Event "SVK-chT2A 0910"]
[Site "Slovakia"]
[Date "2009.11.07"]
[Round "3.4"]
[White "Prielozny, Marek"]
[Black "Bukovsky, Milan"]
[Result "1-0"]
[WhiteElo "1998"]
[BlackElo "2017"]
[PlyCount "111"]
[EventDate "2009.10.10"]
[EventType "team-tourn"]
[EventRounds "11"]
[EventCountry "SVK"]
[SourceTitle "EXT 2011"]
[Source "ChessBase"]
[SourceDate "2010.11.26"]
[SourceVersion "1"]
[SourceVersionDate "2010.11.26"]
[SourceQuality "1"]
[WhiteTeam "Modra II"]
[BlackTeam "Trnava Lokomotiva II"]
[WhiteTeamCountry "SVK"]
[BlackTeamCountry "SVK"]

1. d4 Nf6 2. Nf3 g6 3. c4 d5 4. Bf4 Bg7 5. e3 0-0 6. Nc3 c5 7. dxc5 Ne4 8. Qb3 Nxc3 9. bxc3 Qa5 10. Be5 dxc4 11. Bxc4 Bxe5 12. Nxe5 e6 13. Nd3 Bd7 14. h4 Na6 15. Bxa6 Qxa6 16. Ne5 Ba4 17. Qb4 Rad8 18. h5 Bc2 19. hxg6 Bxg6 20. Qh4 Kg7 21. Qh6+ Kf6 22. Qf4+ Ke7 23. Qg5+ Ke8 24. Ng4 Kd7 25. Ne5+ Kc8 26. Qf4 Qb5 27. Qb4 Qxb4 28. cxb4 Rd5 29. Nxg6 hxg6 30. Ke2 a5 31. a3 Kc7 32. Rad1 Rfd8 33. Rxd5 Rxd5 34. Rd1 Rg5 35. g3 axb4 36. axb4 b6 37. cxb6+ Kxb6 38. Rd7 Rf5 39. e4 Rf6 40. Ke3 Kc6 41. Ra7 Kb5 42. g4 g5 43. Ra5+ Kxb4 44. Rxg5 Kc4 45. Rg7 e5 46. Rg5 Re6 47. f4 exf4+ 48. Kxf4 Kd3 49. Rd5+ Ke2 50. Kf5 Ke3 51. e5 Re7 52. Rd8 Kf3 53. g5 Ke3 54. Kf6 Re6+ 55. Kxf7 Rxe5 56. g6 1-0

[Event "SVK-chT1E 0708"]
[Site "Slovakia"]
[Date "2007.10.13"]
[Round "1.2"]
[White "Prielozny, Marek"]
[Black "Skapikova, Lubica"]
[Result "1/2-1/2"]
[WhiteElo "1995"]
[BlackElo "1988"]
[PlyCount "49"]
[EventDate "2007.10.13"]
[EventType "team-swiss"]
[EventRounds "11"]
[EventCountry "SVK"]
[SourceTitle "EXT 2019"]
[Source "ChessBase"]
[SourceDate "2018.10.10"]
[SourceVersion "1"]
[SourceVersionDate "2018.10.10"]
[SourceQuality "1"]
[WhiteTeam "Bratislava Slovan III"]
[BlackTeam "Senica SK"]
[WhiteTeamCountry "SVK"]
[BlackTeamCountry "SVK"]

1. d4 Nf6 2. Nf3 g6 3. c4 Bg7 4. Nc3 d6 5. e4 0-0 6. h3 c6 7. g3 Nbd7 8. Bg2 e5 9. 0-0 Qe7 10. Be3 Nh5 11. Qc2 Nb6 12. b3 f5 13. dxe5 dxe5 14. Bg5 Qf7 15. Be3 f4 16. Bc5 Re8 17. g4 Nf6 18. Bd6 Nxg4 19. hxg4 Bxg4 20. Nd1 Bxf3 21. Bxf3 Qf6 22. Bb4 Qg5+ 23. Kh2 Qh4+ 24. Kg2 Qg5+ 25. Kh2 1/2-1/2

[Event "SVK-chT2A 0506"]
[Site "Slovakia"]
[Date "2005.12.17"]
[Round "5.8"]
[White "Orolin, Peter"]
[Black "Prielozny, Marek"]
[Result "1/2-1/2"]
[WhiteElo "1900"]
[BlackElo "1954"]
[PlyCount "38"]
[EventDate "2005.10.22"]
[EventType "team-tourn"]
[EventRounds "11"]
[EventCountry "SVK"]
[SourceTitle "EXT 2009"]
[Source "ChessBase"]
[SourceDate "2008.11.26"]
[SourceVersion "1"]
[SourceVersionDate "2008.11.26"]
[SourceQuality "1"]

1. e4 e6 2. d3 d5 3. Nd2 g6 4. Ngf3 Bg7 5. g3 Ne7 6. Be2 c5 7. 0-0 Nbc6 8. Re1 h6 9. h4 0-0 10. e5 Nf5 11. Nf1 b5 12. Bf4 Ba6 13. Qd2 Kh7 14. Ne3 Ncd4 15. Nxd4 Nxd4 16. c3 Nf5 17. Nxf5 gxf5 18. b4 Rc8 19. d4 cxb4 1/2-1/2

[Event "SVK-chT1W 0304"]
[Site "Slovakia"]
[Date "2004.??.??"]
[Round "10"]
[White "Prielozny, Marek"]
[Black "Karlik, Lubomir"]
[Result "1/2-1/2"]
[WhiteElo "1920"]
[BlackElo "1900"]
[PlyCount "102"]
[EventDate "2003.10.??"]
[EventType "team"]
[EventRounds "9"]
[EventCountry "SVK"]
[SourceTitle "EXT 2007"]
[Source "ChessBase"]
[SourceDate "2006.11.23"]
[SourceVersion "1"]
[SourceVersionDate "2006.11.23"]
[SourceQuality "1"]

1. d4 d5 2. c4 e6 3. Nc3 Nf6 4. Bg5 Nbd7 5. e3 c6 6. cxd5 exd5 7. Bd3 Be7 8. Qc2 0-0 9. Nf3 Re8 10. 0-0 Nf8 11. Rab1 a5 12. a3 Bg4 13. Ne5 Bh5 14. h3 N6d7 15. Bxe7 Rxe7 16. Nxd7 Qxd7 17. b4 axb4 18. axb4 Bg6 19. Bxg6 Nxg6 20. b5 f5 21. bxc6 bxc6 22. Na4 f4 23. Nb6 Qe8 24. Nxa8 Qxa8 25. Qb3 Qe8 26. Qb8 Kf7 27. Qxe8+ Kxe8 28. Rb8+ Kd7 29. Rb7+ Kd6 30. Rxe7 Kxe7 31. Ra1 fxe3 32. fxe3 Kd6 33. Kf2 Ne7 34. Kg3 Ke6 35. Kf4 h6 36. Ra6 Kf6 37. h4 Ng6+ 38. Kg4 Ne7 39. g3 Ke6 40. Kf4 Ng6+ 41. Kg4 Ne7 42. h5 Kf6 43. Kf4 Ke6 44. g4 Kf6 45. Ra7 Ke6 46. Rxe7+ Kxe7 47. Ke5 Kd7 48. Kf5 Ke7 49. Kg6 Kf8 50. g5 hxg5 51. Kxg5 Kf7 1/2-1/2